000 00554nam a2200181 i 4500
001 56658
003 ES-MaACL
005 20230906163423.0
007 t|
008 031010s1914 it ||||1| ita d
100 1 _aDiena, Giulio.
_944601
245 1 0 _aPrincipi di Diritto Internazionale
_b: parte prima : Diritto Internazionale Pubblico /
_cdi Giulio Diena.
250 _a2ยช ed., riv. e amp.
260 _aNapoli :
_bLuigi Pierro,
_c1914.
300 _a646 p. ;
_c20 cm.
740 0 _aDiritto Internazionale Pubblico.
852 _aES-MaACL
_jB-13681
999 _c56658
_d56658